Medieval panorama (Registro nro. 87017)
[ vista simple ]
| 000 -ENCABEZADO | |
|---|---|
| Número de control [NR] | 00686nam a22001937a 4500 |
| 005 - FECHA Y HORA DE LA ÚLTIMA TRANSACCIÓN | |
| control field | 20240527095516.0 |
| 008 - DE LONGITUD FIJA DE DATOS DE ELEMENTOS - INFORMACIÓN GENERAL | |
| Elementos de longitud fija [NR] | 130821s1944 enk gr eng |
| 040 ## - FUENTE DE CATALOGACION [NR] | |
| Agencia de catalogación original [NR] | Co-BoUCM |
| Idioma de catalogación [NR] | spa |
| Quien Cataloga | David Moreno (modificó) |
| Quien Clasifica | David Moreno (modificó) |
| 041 00 - CODIGO DE IDIOMA [R] | |
| Código de idioma para texto/pista de sonido o título separado [R] | Inglés |
| 100 1# - ASIENTO PRINCIPAL--NOMBRE PERSONAL [NR] | |
| Nombre personal [NR] | Coulton, G. G. |
| ID Autoridad | 150426 |
| 245 10 - MENCION DE TITULO [NR] | |
| Título [NR] | Medieval panorama |
| Parte restante del título [NR] | the english scene from conquest to reformation |
| Mención de responsabilidad, etc. [NR] | By G. G. Coulton |
| 260 ## - PUBLICACION, DISTRIBUCION, ETC. (PIE DE IMPRENTA) [R] | |
| Lugar de publicación, distribución, etc. [R] | Cambridge (Inglaterra) |
| Nombre del editor, distribuidor, etc. [R] | At the University Press |
| Fecha de publicación, distribución, etc. [R] | 1944 |
| 300 ## - DESCRIPCION FISICA [R] | |
| Extensión [R] | 801 Páginas |
| 500 ## - NOTA GENERAL [R] | |
| Nota general [NR] | Incluye índices |
| 650 04 - ASIENTO SECUNDARIO DE MATERIA - TERMINO TEMATICO [R] | |
| Término temático o nombre geográfico como elemento de entrada [NR] | Edad Media |
| 9 (RLIN) | 13756 |
| 650 04 - ASIENTO SECUNDARIO DE MATERIA - TERMINO TEMATICO [R] | |
| Término temático o nombre geográfico como elemento de entrada [NR] | Historia medieval |
| 9 (RLIN) | 16940 |
| 942 ## - ELEMENTOS DE ENTRADA AGREGADOS (KOHA) | |
| Tipo de ítem principal el descrito en 300a | Libro |
| Tema principal | Historia |
| Edición | 1 |
| Parte restante de la signatura top. | C68 |
| Título oculto en OPAC | No |
| Sistema de clasificación | DEWEY |
| Clasificación | 930 |
| Signatura topográfica | Código de barras | Última vez visto | Volúmen / Fascículo | Ejemplar | Costo de reposición | Price effective from | Tipo de ítem | Nota pública (OPAC) | Perdido | Sistema de clasificación | Dañado | No prestable | Tipo de ítem específico | Suprimido | Ubicación habitual | Ubicación actual | Localización | Fecha de creación | Forma de adquisición |
|---|---|---|---|---|---|---|---|---|---|---|---|---|---|---|---|---|---|---|---|
| 930 C68 | 120002819 | 04/12/2025 | 1944 | Ej.1 | 26000.00 | 03/02/2013 | Libro | Galería de donantes - José Vicente Castro Silva | DEWEY | Fondos especiales | Claustro | Claustro | 3er piso | 28/02/2003 | Donación |